Návrh zariadenia na budenie adresovateľných LED

Guardado en:
Detalles Bibliográficos
Autor principal: Dlhoš, Pavol Oliver (Autor)
Otros Autores: Jagelka, Martin (Orientador)
Formato: Manuscrito Libro
Lenguaje:eslovaco
Publicado: Bratislava : STU v Bratislave FEI, 2023
Materias:
Acceso en línea:https://opac.crzp.sk/?fn=detailBiblioFormChildMOD9F&sid=08878EB2E7E37CD0999777C0752B&seo=CRZP-detail-kniha
Etiquetas: Agregar Etiqueta
Sin Etiquetas, Sea el primero en etiquetar este registro!

MARC

LEADER 00000ntm a22000003a 4500
001 stuzp93461
003 SK-STU
005 20241114131409.8
007 ta
008 150427s2015----xo-----f-mn---000-0-slo-d
040 |a STU  |b slo 
041 0 |a slo 
044 |a xo 
100 1 |a Dlhoš, Pavol Oliver  |u 033000  |4 aut  |U FEI Fakulta elektrotechniky a informatiky  |T FEI Ústav elektroniky a fotoniky  |X 111067  |U E030  |Y 549  |7 111067 
242 0 1 |a Design of LED driver for addressable LED  |y eng 
245 1 0 |a Návrh zariadenia na budenie adresovateľných LED 
260 |a Bratislava :  |b STU v Bratislave FEI,  |c 2023 
300 |a 59 s. 
650 4 |a LED  |2 slo 
650 4 |a Wi-Fi  |2 slo 
650 4 |a Spínaný zdroj  |2 slo 
650 4 |a LT8316  |2 slo 
650 4 |a ESP8285  |2 slo 
650 4 |a LED  |2 eng 
650 4 |a ESP8285  |2 eng 
650 4 |a Wi-Fi  |2 eng 
650 4 |a Switching power supply  |2 eng 
650 4 |a LT8316  |2 eng 
700 1 |a Jagelka, Martin  |u 033000  |k Z2  |4 ths  |U FEI Fakulta elektrotechniky a informatiky  |T FEI Ústav elektroniky a fotoniky  |X 8041  |U E030  |Y 549  |7 A000008041 
856 4 |u https://opac.crzp.sk/?fn=detailBiblioFormChildMOD9F&sid=08878EB2E7E37CD0999777C0752B&seo=CRZP-detail-kniha